| 000 | 00936cam a22002531 4500 | ||
|---|---|---|---|
| 001 | 6095325 | ||
| 003 | OSt | ||
| 005 | 20230621164548.0 | ||
| 008 | 750203s1961 xx 000 0 eng | ||
| 010 | _a 61066188 | ||
| 015 | _aGB61-16849 | ||
| 035 | _a(OCoLC)1160007 | ||
| 040 |
_aDLC _cOAU _dUk _dDLC |
||
| 082 |
_a328.42 _bHAN |
||
| 110 | 2 | _aHansard Society for Parliamentary Government. | |
| 245 | 1 | 0 |
_aParliamentary reform 1933-1960; _ba survey of suggested reforms. |
| 260 |
_aLondon, _bPublished for Hansard Society by Cassell _c[1961] |
||
| 300 |
_aix, 193 p. _c22 cm. |
||
| 500 | _a"[In 1959] a special edition of 500 copies in photostat form entitled Parliamentary reform 1933-1958--a survey of suggested reforms was ... produced." | ||
| 504 | _aBibliography: p. 181-184. | ||
| 610 | 1 | 0 |
_aGreat Britain. _bParliament _xReform _xHistory _y20th century. |
| 906 |
_a7 _bcbc _coclcrpl _du _encip _f19 _gy-gencatlg |
||
| 942 |
_2ddc _cBK |
||
| 999 |
_c2314 _d2314 |
||